1895 1367 1386 1781 1233 1160 1414 1170 1251 1772 1768 1951 1671 1914 1340 1520 1423 1295 1891 1997 1525 1630 1260 1331 1515 1745 1406 1983 1477 1530 1992 1051 1937 1224 1423 1951 1378 1888 1381 1151 1321 1179 1591 1805 1058 1885 1384 1464 1283 1148 1910 1656 1680 1928 1761 1958 1976 1810 1298 1635 1948 1406 1456 1653 1558 1446 1902 1757 1645 1643 1762 1487 1737 1304 1911 1392 1458 1190 1668 1653 1645 1694 1201 1127 1134 1251 1370 1634 1034 1141 1876 1803 1331 1247 1837 1224 2000 1028 1369 BCNSPRNW ULIB Ver.6.0+V

เปลี่ยนเป็นภาษาไทย

Change to English
 แสดงรายละเอียดบรรณานุกรม
  กลับหน้าหลัก

Brief Record : Get Marc (ISO 2709) : E-mail record : QR code < ปิดหน้าต่าง
LEADER : 00000nam 2200000uu 4500
001    13399120023
003     ULIB
008    120822s2546||||th 000 0 tha d
020    ^a9746520113
020    ^a9789746520119
060 04 ^aQU21^bป161ช 2546
245 00 ^aชีวเคมีทางการแพทย์ :^bเมตาบอลิสมของสารอาหารเชิงบูรณาการสำหรับนักศึกษาสายวิทยาศาสตร์การแพทย์ = Medical biochemistry : Metabolism of macronutrients, the integrated approach for health sciences students /^cบรรณาธิการ : ปนัดดา โรจน์พิบูลสถิตย์
246 31 ^aMedical biochemistry : Metabolism of macronutrients, theintegrated approach for health sciences students
250    ^aพิมพ์ครั้งที่ 1
260    ^aกรุงเทพฯ :^bสาขาชีวเคมี สถานวิทยาศาสตร์พรีคลินิกคณะแพทยศาสตร์ มหาวิทยาลัยธรรมศาสตร์ ;^c2546
300    ^axx, 327 หน้า :^bภาพประกอบ ;^c26 ซม.
650  7 ^aชีวเคมี
650  7 ^aเมตะบอลิสม
700 0  ^aปนัดดา โรจน์พิบูลสถิตย์,^eบรรณาธิการ
710 2  ^aมหาวิทยาลัยธรรมศาสตร์. ^bคณะแพทยศาสตร์.^bสถานวิทยาศาสตร์พรีคลินิก. ^bสาขาชีวเคมี
945    ^p0^l0^i24569
995    ^aกัณชพร
999 ^a ใช้งานได้ทุกระบบ
รายการนี้ยังไม่มีแท็ก
คุณยังไม่ได้ล็อกอิน คุณสามารถมีกิจกรรมร่วมกับเว็บไซต์ได้ แต่ต้องล็อกอินก่อน ::
  ล็อกอิน

รายการสื่อสารสนเทศ

ลำดับที่ ประเภท เลขเรียก/บาร์โค้ด สถานที่ สถานะ
- ไม่พบข้อมูล -

รายการใกล้เคียง
    หัวเรื่อง [ชีวเคมี]
    หัวเรื่อง [เมตะบอลิสม]

BibComment


ยังไม่เคยถูกคอมเมนท์

คอมเมนท์ทรัพยากรรายการนี้
  คอมเมนท์: ชีวเคมีทางการแพท..


 Copyright 2026. Bcnsprnw @Library